Star Wars Music: Which Film? - Statistics

General Stats
  • This quiz has been taken 346 times
  • The average score is 13 of 25
Answer Stats
Hint Answer % Correct
Ewok Celebration and Finale Return of the Jedi
84%
Cantina Band A New Hope
83%
Anakin's Betrayal Revenge of the Sith
81%
Rey's Theme The Force Awakens
74%
Princess Leia's Theme A New Hope
72%
The Adventures of Han Solo
72%
Duel of the Fates The Phantom Menace
71%
Yoda's Theme The Empire Strikes Back
70%
Yoda and the Younglings Attack of the Clones
61%
Battle of the Heroes Revenge of the Sith
61%
Corellia Chase Solo
60%
The Imperial March The Empire Strikes Back
59%
The Emperor Return of the Jedi
54%
Across the Stars Attack of the Clones
53%
Ahch-To Island The Last Jedi
51%
Anakin's Theme The Phantom Menace
51%
March of the Resistance The Force Awakens
45%
The Throne Room and End Title A New Hope
39%
The Immolation Scene Revenge of the Sith
37%
Luke and Leia Return of the Jedi
34%
Guardians of the Whills Rogue One
29%
The Force is With You The Rise of Skywalker
26%
A New Home The Rise of Skywalker
25%
Your Father Would Be Proud Rogue One
21%
Peace and Purpose The Last Jedi
16%
No matching quizzes found
Score Distribution
Percent of People with Each Score
Percentile by Number Answered
Your Score History
You have not taken this quiz